00743nam a2200169 a 450000100100000000500170001000800410002704000250006808200150009310000260010824501500013426000320028430000210031670000330033795201860037099900170055600003539820200930074319.0111031s1971 sp 000 0 spa d aDO-SdBNPbspacBNPHU axxxbB463h1 aBenedict, Ruth96122313aEl hombre y la cultura :bInvestigación sobre los orígenes de la civilazación contemporánea /cRuth Benedict ; introducción Franz Boas. aBarcelona :bEdhasa,c1971. a284 p. ;c19 cm.1 aBoas, Franz,eintrod.961224 001050718MOaGRbGRcCTd2011-10-31iLF1l0oxxx B463hp35398-10r2020-06-25w2020-06-25y1zPerteneció a la biblioteca personal de Juan Isidro Jimenes- GrullónZNo se presta c34889d34889